| 000 | 00548nam a22001577a 4500 | ||
|---|---|---|---|
| 999 |
_c18424 _d18424 |
||
| 008 | 200806b xxu||||| |||| 00| 0 eng d | ||
| 020 | _a1475763669 | ||
| 050 |
_aT58.6 _b.R43 2001 c.1 |
||
| 245 |
_arealigning Research and Practice in Information Systems Development. _bThe Social and Organisational Perspctive _cEdited by Nancy L. Russo |
||
| 260 |
_aNew York _bSpringer _c2001 |
||
| 300 | _aviii, 475p. | ||
| 650 |
_aManagement Information Systems _vcongresses |
||
| 700 | _aBrian Fitzgerald | ||
| 700 | _aJanice I DeGross | ||
| 942 |
_2lcc _cBK |
||